000 00455nam a2200193Ia 4500
999 _c35509
_d35509
003 0100
005 20170802151744.0
008 130303s9999 xx 000 0 und d
040 _cARRUPELIB
050 _aB843.B38 1968
100 _aBayles, Michael D. (ed.)
_934510
245 _aContemporary utilitarianism
260 _bDoubleday and Company
_aNew York
_c1968
300 _avi
300 _b 305p. 18cm
942 0 0 _01
_2lcc
_cMONOGRAPH